000 00669cam a22002297a 4500
003 MX-MxUPN
005 20260423150427.0
008 260320s2010 sp|o|||dr|||| 000 0 spa d
020 _a9788434232464
040 _aMX-MxUPN
_bspa
041 0 _aspa
050 4 _aHQ35
_bC86 2010
100 1 _aCugota Mateu, Lluis
_939919
245 1 0 _aSexualidad, ¿hablamos?
250 _aSegunda edición,
260 _aBarcelona, España :
_bParramón,
_c2010
300 _a96 páginas :
_bfotografìas a color
650 4 _aEducación sexual para la juventud
_91513
902 _aMarisolLicea/20032026
_bVíctorGodínez/230426
942 _2lcc
_cLIBRO
999 _c214828
_d214828